| 000 | 00399nam a22001577a 4500 | ||
|---|---|---|---|
| 003 | OSt | ||
| 020 | _a9788121923002 | ||
| 082 |
_a658.3 _bKHA/HU |
||
| 100 | _aKhanka, S S | ||
| 245 | _aHuman resource management: text and cases | ||
| 250 | _a1 | ||
| 260 |
_aNew Delhi _bS.chand & company pvt ltd _c2016 |
||
| 300 | _a447p. | ||
| 650 | _aNature and scope, human resorce planning | ||
| 942 |
_2ddc _cBK |
||
| 999 |
_c190444 _d190444 |
||